Marx y su concepto del hombre (Registro nro. 5367)

Detalles MARC
000 -LEADER
fixed length control field 01065 a2200193 4500
001 - CONTROL NUMBER
control field 54196
005 - DATE AND TIME OF LATEST TRANSACTION
control field 20260407155812.0
008 - FIXED-LENGTH DATA ELEMENTS--GENERAL INFORMATION
fixed length control field 260407a1961 arg spa d
003 - CONTROL NUMBER IDENTIFIER
control field AR-UNSa-BCEJYS
040 ## - CATALOGING SOURCE
Original cataloging agency AR-UNSa-BCEJYS
Language of cataloging spa
Transcribing agency AR-UNSa-BCEJYS
080 ## - UNIVERSAL DECIMAL CLASSIFICATION NUMBER
Universal Decimal Classification number 141.82
Common auxiliary subdivision Socialismo científico, comunismo, marxismo, marxismo-leninismo
100 1# - MAIN ENTRY--PERSONAL NAME
Personal name Fromm, Erich
245 10 - TITLE STATEMENT
Title Marx y su concepto del hombre
264 #1 - PRODUCTION, PUBLICATION, DISTRIBUTION, MANUFACTURE, AND COPYRIGHT NOTICE
Place of production, publication, distribution, manufacture México :
Name of producer, publisher, distributor, manufacturer Fondo de Cultura Económica
Date of production, publication, distribution, manufacture, or copyright notice 1961
300 ## - PHYSICAL DESCRIPTION
Extent 271 p.
Dimensions 17 cm.
505 ## - FORMATTED CONTENTS NOTE
Formatted contents note El concepto del hombre en Marx - 1. La falsificación de las concepciones de Marx - 2. El materialismo histórico de Marx - 3. El problema de la conciencia,la estructura social y el uso de la fuerza - 4. La naturaleza del hombre - 5. La enajenación - 6. La concepción del socialismo en Marx - 7. La continuidad en el pensamiento de Marx - 8. Marx,el hombre - Ápendice I: Manuscritos económico-filosóficos de Karl Marx - Ápendice II: Otros escritos de Marx - Ápendice III: Sobre Karl Marx
590 ## - LOCAL NOTE (RLIN)
Local note niveau_biblio:m niveau_hierar:0
942 ## - ADDED ENTRY ELEMENTS (KOHA)
Koha item type
Existencias
Withdrawn status Lost status Damaged status Not for loan Home library Current library Shelving location Date acquired Total checkouts Full call number Barcode Date last seen Price effective from Koha item type
        Biblioteca Prof. Eusebio Cleto del Rey Biblioteca Prof. Eusebio Cleto del Rey   07/04/2026   141.82 F932 L26391 07/04/2026 07/04/2026 Libro